000 00438pab a2200157 454500
008 180718b2011 xxu||||| |||| 00| 0 eng d
100 _aGiri, Ananta Kumar
245 _aSelf-development and social transformations? The vision and practice of the self-study mobilization of Swadhyaya
260 _c2011
300 _ap.19-37.
362 _aJan-Mar
650 _aSelf esteem
773 _aMan in India
908 _aN
909 _a92581
999 _c92581
_d92581